|
|
|
|
| LEADER |
00000nas a22000001a 4500 |
| 001 |
vtls010301198 |
| 003 |
SK-MaSNL |
| 005 |
20260228161530.0 |
| 008 |
110810d19521954xo mr p r 0 b0slo |
| 015 |
|
|
|a SNBDS17XX9999
|
| 015 |
|
|
|a 0255
|2 Balúnová 1945-60
|
| 038 |
|
|
|a SNKBUDS
|
| 040 |
|
|
|a SNK
|b slo
|c SNK
|e AACR2
|
| 041 |
0 |
|
|a slo
|
| 044 |
|
|
|a xo
|c SK
|
| 080 |
|
|
|a 334.73
|2 2001
|
| 245 |
0 |
0 |
|a Družstevný zpravodaj
|
| 246 |
1 |
1 |
|a Szövetkezeti Közlöny
|
| 260 |
|
|
|a Štúrovo
|b Jednota, okresný zväz spotrebných družstiev v Štúrove
|c 1952-1954
|
| 300 |
|
|
|a 3 roč.
|c 21 x 30 cm
|
| 310 |
|
|
|a 1x mesačne
|b 1953-1954
|
| 321 |
|
|
|a 1x za 2 týždne
|b 1952
|
| 362 |
0 |
|
|a Roč. I, č. 1 (21.6.1952)-roč. III, č. 4 (1954)
|
| 500 |
|
|
|a Od 1/III (jan. 1954) len slov. titul s podnázvom Družstevný časopis Štúrovského okresu
|
| 500 |
|
|
|a V tiráži: Závodný časopis Okresného sväzu spotrebných družstiev v Štúrove
|
| 500 |
|
|
|a Vych. v Štúrove dvojtýždenne, od 1/II (mája 1953) mesačne vo formáte 21 x 30 cm
|
| 500 |
|
|
|a Ved. red. Michal Marík, od 1/II (máj 1953) František Labuda, od 1/III (jan. 1954) ako zodp. red. s red. radou
|
| 500 |
|
|
|a Vyd. ZS ROH Jednota Okresný sväz spotrebných družstiev v Štúrove
|
| 500 |
|
|
|a Tlač. rozmnož. cyklostylom
|
| 500 |
|
|
|a Vych. od 21. júna 1952. Pov. PIO č. 6942/53-4
|
| 505 |
8 |
0 |
|g Roč. I. 1952 8 č. po 4-8 s.
|
| 505 |
8 |
0 |
|g Roč. II. 1953 6 č. po 4-6 s.
|
| 505 |
8 |
0 |
|g Roč. III. 1954 4 č. po 4-8 s.
|
| 650 |
0 |
7 |
|a družstevníctvo
|2 SNKPH
|9 2134
|
| 655 |
|
7 |
|a družstevné časopisy
|2 SNKBUDS
|9 268805
|
| 700 |
1 |
|
|a Marík, Michal
|4 pbd
|9 268819
|
| 700 |
1 |
|
|a Labuda, František
|4 pbd
|9 268820
|
| 710 |
2 |
|
|a Jednota, okresný zväz spotrebných družstiev (Štúrovo, Slovensko)
|e vydav.
|9 268821
|
| 852 |
|
|
|a SNK
|b 10000
|h ČSB 712
|
| 852 |
|
|
|a UKB
|b 300000
|h SB 1248
|
| 852 |
|
|
|a UKB
|b 300000
|h 20 B 2835
|
| 852 |
|
|
|a SVKKK
|b 900000
|h C 154
|
| 999 |
|
|
|c 5682
|d 7612
|